Comentarios a la Ley de Costas doctrina y jurisprudencia (con las modificaciones introducidas por la Ley 53/2002, de 30 de diciembre)/

Bibliographic Details
Main Author: Rodrg̕uez Lp̤ez, Pedro
Format: Unknown
Language:Spanish
Published: Madrid : Dijusa Editorial, 2003
Subjects:
Online Access:Acceso restringido

MARC

LEADER 00000ny a22000003n 4500
005 20110530102651.0
008 030411s2003 sp 000 0 spa
017 |a D.L.M.4853-2003 
020 |a 8495748355 
035 |a 392 
040 |a DLC  |d vLex 
040 |a UMA.RE  |d vLex 
080 |a 347.921.6(460)(0.034) 
080 |a 351.79(460)(0.034) 
090 |c 345  |d 345 
100 1 |a Rodrg̕uez Lp̤ez, Pedro 
245 1 0 |a Comentarios a la Ley de Costas  |h [Recurso electrn̤ico]  |b doctrina y jurisprudencia (con las modificaciones introducidas por la Ley 53/2002, de 30 de diciembre)/  |c Pedro Rodrg̕uez Lp̤ez 
256 |a Servicio en ln̕ea 
260 |a Madrid :  |b Dijusa Editorial,  |c 2003 
300 |a 311 p. ;  |c 25 cm 
504 |a Bibliogr.: p. 307-311 
506 1 |a Contenido solo disponible en los productos indicados  |d vLex Global  |d vLex Global (Academic Edition, excluding Law Schools)  |d vLex Global (U.S. Academic Edition, Law Schools)  |d vLex Global (U.S. Academic Edition, excluding Law Schools)  |d vLex Global (Academic Edition, Law Schools) 
650 0 7 |a Costas  |2 Tesauro vLex 
650 0 7 |a Procesal  |2 Tesauro vLex 
650 0 7 |a Costas procesales  |2 Tesauro vLex 
650 0 7 |a Costas procesales  |2 Tesauro vLex 
740 0 |a vLex Libros (Servicios en ln̕ea) 
856 4 0 |u http://vlex.com/source/392  |z Acceso restringido 
942 |c BOOK 
999 0 |a Procedure (Law)  |b Madrid